| 000 | 00555cam a22001811 4500 | ||
|---|---|---|---|
| 082 | 0 | 0 |
_a624.183 _bJOH _cL-19, P-57 |
| 100 | 1 |
_aJohnson, R. P. _942960 |
|
| 245 | 1 | 0 |
_aStructural concrete _c[by] R. P. Johnson. |
| 260 |
_aLondon, _aNew York [etc.] _bMcGraw-Hill, _c1967. |
||
| 300 |
_axiv, 271 p. _billus. _c24 cm. |
||
| 490 | 0 | _aEuropean civil engineering series | |
| 500 | _aWith answers to exercises. | ||
| 526 |
_a0 _b0 _c0 _d624_183000000000000_JOH |
||
| 650 | 0 | _aConcrete construction. | |
| 650 | 0 | _aConcrete. | |
| 650 | 0 |
_aMCE _9379 |
|
| 942 |
_2ddc _cBK |
||
| 999 |
_c546955 _d546955 |
||